000 00473nam a2200181Ia 4500
005 20250326142102.0
008 250326s9999 xx 000 0 und d
037 _aTextbook
040 _aFMSL
_beng
_cFMSL
041 _aeng
_2eng
084 _aX:74 M5
_qFMSL
100 _aToffler Alvin
245 0 _aAdaptive corporation
_cToffler Alvin
260 _aGower
_bGower, Pub. co.
_c1985
300 _a217p
942 _cTB
_hX:74 M5
999 _c1293366
_d1293366